| 000 | 00522nam a2200181Ia 4500 | ||
|---|---|---|---|
| 003 | OSt | ||
| 005 | 20240604104835.0 | ||
| 008 | 210210b1943 xxu||||| |||| 00| 0 eng d | ||
| 040 |
_aAL _c |
||
| 041 | _aKannada | ||
| 082 | _a853/367 | ||
| 100 |
_aRAMAKRASHNA BHATTA (M) _926455 _dರಾಮಕೃಷ್ಣ ಭಟ್ಟ (ಎಂ) |
||
| 245 |
_aAshcharya chudamani _b ಆಶ್ಚರ್ಯ ಚೂಡಾಮಣಿ |
||
| 260 |
_aBengaluru _b- _c1943 |
||
| 690 |
_aKannada Drama _926456 |
||
| 906 | _a019642 | ||
| 942 |
_2ddc _cBK |
||
| 999 |
_c143783 _d143783 |
||